000 00724nam a2200265Ia 4500
003 OSt
005 20221007063139.0
006 a|||||r|||| 00| 0
007 ta
008 221006b |||||||| |||| 00| 0 eng d
024 _a5,272
037 _cTextual
040 _aFLL
_cFLL
_beng
041 _2eng
_aeng
082 _aZ2:9298, L3
100 _aJain M.P. Au.
_9183825
245 0 _aPrinciples of administrative law
250 _a2nd
260 _aBombay
_bN.M.Tripathi India
_c1973
300 _axxxiii,567p
_ccm.
650 _aAdministrative law
_9681514
700 _a Jain S.N. Au.
_9681286
942 _hZ2:9298, L3
_cTEXL
_2CC
999 _c1130506
_d1130506